| 000 | 04475nam a2200493Ii 4500 | ||
|---|---|---|---|
| 001 | DIGIBE0247 | ||
| 003 | NyNyDIG | ||
| 007 | cr ||||||||||| | ||
| 008 | 180105s2015 sp a ob 001 0 spa d | ||
| 006 | m o d | ||
| 035 | _a(OCoLC)953970313 | ||
| 040 |
_aDGITA _beng _erda _epn _cDGITA |
||
| 020 |
_z9788484898856 _q(Iberoamericana) |
||
| 020 |
_z8484898857 _q(Iberoamericana) |
||
| 020 |
_z9783954874231 _q(Vervuert) |
||
| 020 |
_z3954874237 _q(Vervuert) |
||
| 043 | _ae-sp--- | ||
| 050 | 1 | 4 | _aDP402.V54427 eBook |
| 100 | 1 |
_aDadson, Trevor J., _eauthor. |
|
| 245 | 1 | 4 |
_aLos moriscos de Villarrubia de los Ojos (siglos XV-XVIII) : _bhistoria de una minoría asimilada, expulsada y reintegrada / _cTrevor J. Dadson. |
| 250 | _a2a edición revisada y actualizada. | ||
| 264 | 1 |
_aMadrid : _bIberoamericana ; _aFrankfurt am Main : _bVervuert, _c2015. |
|
| 300 |
_a1 online resource : _billustrations. |
||
| 336 |
_atext _btxt _2rdacontent |
||
| 337 |
_acomputer _bc _2rdamedia |
||
| 338 |
_aonline resource _bcr _2rdacarrier |
||
| 490 | 1 |
_aTiempo emulado : historia de América y España ; _v1 |
|
| 504 | _aIncludes bibliographical references and index. | ||
| 505 | 0 | _aEl episodio de Ricote -- El contexto general -- El origen de este estudio -- Personalidades y hechos -- Encomienda de la Orden. Fundación de Villarrubia -- Encomienda -- La población de Villarrubia a finales del siglo XV -- La conversión general de 1502 -- Presión de la Inquisición: 1530-1550 -- La vida cultural y religiosa de los moriscos hacia 1540 : lugar de Señorío -- -- La compra de la villa -- El vecindario -- Las propiedades -- Las estructuras de gobernación -- La llegada de los moriscos granadinos el impacto cultural y religioso de los granadinos -- Las "Relaciones topográficas" de 1575 -- La demografía del siglo XVI : la administración del conde Diego de Silva y Mendoza : la condesa viuda doña Antonia de Ulloa (1580-1591) -- Un nuevo conde : Diego de Silva y Mendoza -- Pleitos entre Salinas y los vecinos de Villarrubia -- Los moriscos de Villarrubia en los años anteriores a la expulsión -- Cuestiones demográficas : los años de incertidumbre: 1609-1610. Salinas y Lerma : una amistad difícil -- 1609-1610, los años de incertidumbre -- 1611, la primera expulsión de Villarrubia -- 1612, la segunda expulsión de Villarrubia -- 1613, la tercera expulsión de Villarrubia -- 1614, fin de la expulsión : llega el fin -- Los sucesos de Villarrubia -- Los últimos coletazos de la expulsión -- Los efectos de la expulsión : los efectos humanos de la expulsión -- Los efectos económicos de la expulsión -- Vuelta a la normalidad : la vida en Villarrubia en los primeros años después de la expulsión -- La economía local -- La vuelta de los moriscos y la recuperación de su hacienda -- La vuelta de Salinas a España -- Nuevo Rey, nuevos aires : el reinado de Felipe IV -- Reconfirmación de los privilegios de los moriscos antiguos -- Cómo ser buenos cristianos -- La Inquisición y los ritos de la muerte -- Muerte de don Diego de Silva y Mendoza, conde de Salinas -- Misión cumplida : visita a Villarrubia del nuevo conde de Salinas, don Rodrigo de Silva Sarmiento Villandrado -- Los moriscos y la Dehesa de Lote -- La caída en desgracia : el segundo destierro del duque de Hijar -- La inquisición y los moriscos en la década de 1640 -- La administración de los estados de Salinas entre 1649 y 1664 -- Fin de trayecto para los moriscos de Villarrubia. | |
| 588 | 0 | _aOnline resource; title from PDF title page (Digitalia, viewed January 5, 2018) | |
| 650 | 0 |
_aMoriscos _zSpain _zVillarrubia de los Ojos _xHistory. |
|
| 650 | 0 |
_aInquisition _zSpain _zVillarrubia de los Ojos _vSources. |
|
| 650 | 0 |
_aPersecution _zSpain _zVillarrubia de los Ojos _xHistory _vSources. |
|
| 651 | 0 |
_aVillarrubia de los Ojos (Spain) _xEthnic relations _xHistory. |
|
| 651 | 0 |
_aSpain _xSocial conditions _yTo 1800. |
|
| 655 | 0 | _aElectronic books. | |
| 791 | 2 |
_aDigitalia (Firm), _edistributor. |
|
| 793 | 0 |
_gDigitalia eBook Collection: _aIberoamericana/Vervuert |
|
| 776 | 0 | 8 |
_iPrint version: _aDadson, Trevor J. _tMoriscos de Villarrubia de los Ojos (siglos XV-XVIII). _dMadrid : Iberoamericana ; Frankfurt am Main : Vervuert, 2015 _z9788484898856 _w(DLC) 2016444330 _w(OCoLC)908687317 |
| 830 | 0 |
_aTiempo emulado ; _v1. |
|
| 856 | 4 | 0 |
_3Digitalia Hispánica _uhttps://www.digitaliapublishing.com/a/46597/ |
| 910 | _aPremium Collection: 2018 | ||
| 942 | _cRAA | ||
| 999 |
_c249799 _d249799 |
||